| 000 | 00802cam a22002655a 4500 | ||
|---|---|---|---|
| 001 | 013748077 | ||
| 003 | OSt | ||
| 005 | 20180312151407.0 | ||
| 008 | 070517t2007 si a fr 001 0 eng d | ||
| 020 | _a9780132038096 | ||
| 020 | _a0132038099 | ||
| 040 |
_aUk _beng _cUk _dEG-ScBUE |
||
| 082 | 0 | 4 |
_222 _a620.103 _bHIB |
| 100 | 1 | _aHibbeler, R. C. | |
| 245 | 1 | 0 |
_aEngineering mechanics : _bdynamics / _cR. C. Hibbeler ; SI conversion by S. C. Fan. |
| 250 | _a11th ed., in SI units. | ||
| 260 |
_aSingapore : _bPearson / Prentice Hall, _cc.2007. |
||
| 300 |
_axv, 718 p. : _bill. ; _c24 cm. |
||
| 500 | _aIndex : p. 705-718. | ||
| 650 | 7 |
_aDynamics. _2BUEsh _918728 |
|
| 650 | 7 |
_aFluid dynamics _vProblems, exercises, etc. _2BUEsh _941275 |
|
| 651 | _2BUEsh | ||
| 653 |
_bGGEN _cMarch2018 |
||
| 942 | _2ddc | ||
| 999 |
_c26284 _d26256 |
||